Brasilianische Nationalspieler aus der Bundesliga - Statistiken

Allgemein
  • Dieses Quiz wurde 155 mal gespielt
  • Das Durchschnittsergebnis liegt bei 15 aus 30
Antwortstatistiken
Verein(e) Zeitraum Länderspiele
(insgesamt)
Antwort % Korrekt
Leverkusen, Bayern 2000–2009 105 Lúcio
84%
Leverkusen, Bayern 1998-2006 84 Ze Roberto
84%
Hoffenheim 2014-2015 55 Roberto Firmino
78%
Bayern, Wolfsburg 2011–2016 41 Luiz Gustavo
77%
Schalke, Bayern 2008-2017 4 Rafinha
77%
Bayern 1998-2001 15 Giovane Élber
76%
Hertha 2001 5 Marcelinho
75%
Dortmund 2004 1 Dede
73%
Bayern 2015–2017 33 Douglas Costa
73%
Bayern 2013–2014 13 Dante
70%
Bremen 2006-2014 34 Diego
69%
Wolfsburg 2009-2010 4 Grafite
69%
Bremen 2007 2 Naldo
65%
Bayern 2019–2020 68 Philippe Coutinho
58%
Dortmund 2001–2003 19 Marcio Amoroso
56%
Leverkusen 1993-1994 13 Paulo Sérgio
49%
Dortmund 2001–2003 7 Ewerthon
43%
Leverkusen 2011-2012 33 Renato Augusto
39%
Hoffenheim 2009–2010 6 Carlos Eduardo
36%
Leverkusen 1997–2000 73 Emerson
35%
Leverkusen 2002–2007 79 Juan
35%
Wolfsburg 2007–2010 28 Josué
34%
Dortmund 1999–2000 13 Evanilson
32%
Schalke 2004 1 Marcelo Bordon
32%
Stuttgart 1993–1995 93 Dunga
26%
Dortmund 2006-2007 4 Tinga
26%
Leverkusen, Bayern 1989-1995 64 Jorginho
22%
Leverkusen 2004–2005 48 Roque Junior
22%
Hertha 2004–2008 35 Gilberto
15%
Hertha 2007–2008 24 Mineiro
5%
Keine übereinstimmenden Quizze gefunden
Verteilung der Resultate
Anzahl Personen mit jedem Resultat
Perzentil nach korrekt beantworteten Fragen
Ihre Resultats-Entwicklung
Sie haben dieses Quiz noch nicht gespielt